| 000 | 01336nam a22003497a 4500 | ||
|---|---|---|---|
| 003 | CHAP | ||
| 005 | 20220329140722.0 | ||
| 008 | 971013s1975 r 00010 d | ||
| 010 | _a56487 | ||
| 011 | _a57459 | ||
| 035 | _a61614 | ||
| 040 | _cCHAP | ||
| 082 |
_a634.3 _bZ54 1975 |
||
| 100 | 0 | 0 |
_aZiegler, Louis W. _9124004 |
| 245 | _aCitrus growing in Florida | ||
| 260 |
_aGainesville : _bUniversity of Florida, _c1975 |
||
| 300 |
_a246 p. _b: ilus. |
||
| 590 |
_aBATCH-UPD _b10 _c20130110 _lUCH01 _h0656 |
||
| 590 |
_aBATCH-UPD _b10 _c20130410 _lUCH01 _h0340 |
||
| 590 |
_aBATCH-UPD _b10 _c20130914 _lUCH01 _h0959 |
||
| 590 |
_aCONVERSION _b10 _c20130109 _lUCH01 _h1330 |
||
| 650 | 1 | 4 |
_aCĂtricos _xFlorida. _924432 |
| 700 | 0 |
_aWolfe, Hert S. _9122445 |
|
| 901 | _aBK | ||
| 942 | _cLIBRO | ||
| 949 |
_a634.3 Z54 1975 _bBC _cLIBRO _d-132298 _eLIBRO _h38783 _i61614 _si _t759.00 |
||
| 949 |
_a634.3 Z54 1975 _bBC _cLIBRO _d-132301 _eLIBRO _fc.3 _h51457 _i61614 _si _t759.00 |
||
| 949 |
_a634.3 Z54 1975 _bBC _cLIBRO _d33724000204772 _eLIBRO _fc.2 _h51456 _i61614 _si _t759.00 |
||
| 949 |
_a634.3 Z54 1975 _bBC _cLIBRO _d33724000204780 _eLIBRO _fc.4 _h51458 _i61614 _si _t759.00 |
||
| 949 |
_a634.3 Z54 1975 _bBC _cLIBRO _d33724000204798 _eLIBRO _fc.5 _h51459 _i61614 _si _t759.00 |
||
| 949 |
_a634.3 Z54 1975 _bBC _cLIBRO _d33724000204806 _eLIBRO _fc.6 _h51460 _i61614 _si _t759.00 |
||
| 999 |
_c56487 _d56487 |
||